00358pab a2200121 454500008004000000100002400040245008300064260000900147300001500156362000800171650001500179773004200194180718b2006 xxu||||| |||| 00| 0 eng d aMeyer, Christine B. aDestructive dynamics of middle management intervention in postmerger processes c2006 ap.397-419. aDec aManagement aJournal of Applied Behavioral Science